INDIA S ECONOMIC REFORMS AND DEVELOPMENT (Record no. 8451)

MARC details
000 -LEADER
fixed length control field 00374nam a2200133Ia 4500
008 - FIXED-LENGTH DATA ELEMENTS--GENERAL INFORMATION
fixed length control field 240624s9999 xx 000 0 und d
041 ## - LANGUAGE CODE
Language code of text/sound track or separate title eng
082 ## - DEWEY DECIMAL CLASSIFICATION NUMBER
Classification number 330.0954 AHL
100 ## - MAIN ENTRY--PERSONAL NAME
Personal name AHLUWALIA ISHER JUDGE
245 ## - TITLE STATEMENT
Title INDIA S ECONOMIC REFORMS AND DEVELOPMENT
260 ## - PUBLICATION, DISTRIBUTION, ETC.
Date of publication, distribution, etc. 2007
Place of publication, distribution, etc. New Delhi
Name of publisher, distributor, etc. Oxford University press
300 ## - PHYSICAL DESCRIPTION
Extent viii, : 414 : p. : cm. ; 18
365 ## - TRADE PRICE
Currency code RS
Price amount 30
Holdings
Withdrawn status Lost status Damaged status Not for loan Home library Current library Shelving location Date acquired Source of acquisition Cost, normal purchase price Total Holds Full call number Barcode Date last seen Copy number Price effective from Koha item type
        IMTN IMTN Rack 7-A 02/20/2008 AP 325.00 2439 330.0954 AHL 8451 06/24/2024 1 06/24/2024 Books
Designed & Maintained by: LRC IMT Nagpur Contact: lrc@imtnag.ac.in© 2024. All Rights Reserved.